Conceptual atomism and the computational theory of mind (Record no. 930012)

MARC details
000 -LEADER
fixed length control field 00954nam a2200265Ia 4500
003 - CONTROL NUMBER IDENTIFIER
control field OSt
005 - DATE AND TIME OF LATEST TRANSACTION
control field 20221005022752.0
008 - FIXED-LENGTH DATA ELEMENTS--GENERAL INFORMATION
fixed length control field 221004b |||||||| |||| 00| 0 eng d
020 ## - INTERNATIONAL STANDARD BOOK NUMBER
International Standard Book Number 9789027252050 (hbk)
037 ## - SOURCE OF ACQUISITION
Terms of availability Textual
040 ## - CATALOGING SOURCE
Original cataloging agency CRL
Transcribing agency CRL
Language of cataloging eng
041 ## - LANGUAGE CODE
Source of code eng
Language code of text/sound track or separate title eng
100 ## - MAIN ENTRY--PERSONAL NAME
Personal name Kuczynski John-Michael
9 (RLIN) 578643
245 #0 - TITLE STATEMENT
Title Conceptual atomism and the computational theory of mind
Remainder of title A defense of content internalism and semantic externalism
260 ## - PUBLICATION, DISTRIBUTION, ETC.
Place of publication, distribution, etc. Amsterdam
Name of publisher, distributor, etc. John Benjamins Publsihing Company The Netherlands
Date of publication, distribution, etc. 2007
300 ## - PHYSICAL DESCRIPTION
Extent ix,524p.
Dimensions cm.
490 ## - SERIES STATEMENT
Series statement Advance in consciousness research (AiCR)
650 ## - SUBJECT ADDED ENTRY--TOPICAL TERM
Topical term or geographic name entry element PSYCHOLOGY
942 ## - ADDED ENTRY ELEMENTS (KOHA)
Classification part S:4:(R), P7
Koha item type Textual
Source of classification or shelving scheme
Holdings
Withdrawn status Lost status Damaged status Not for loan Home library Current library Date acquired Source of acquisition Cost, normal purchase price Total Checkouts Full call number Barcode Date last seen Cost, replacement price Price effective from Koha item type
        Central Library Central Library 2022-10-05 5152, 23/10/2008, Efficient Book Distributors 7349.64   S:4:(R) P7 CL1385575 2022-10-05 7349.64 2022-10-05 Textual
Copyright @ Delhi University Library System